000 00430nam a22001697a 4500
005 20160531165029.0
008 160531b xxu||||| |||| 00| 0 eng d
020 _a0-418-19681-7
041 _aeng
082 _b6492
100 _aWhite, Geoff and Druker, Janat
_91622
245 _aReward Management
260 _aNew Delhi
_bVikas Publishing House (P) Ltd.
_c2000
300 _a219
650 _aManagement
_9241
942 _cBK
999 _c2282
_d2281